00580 2200229 4500001002100000005001500021008004100036020002200077035002000099082001400119084002000133100001400153245004600167250001100213260003600224300003000260650002000290990001000310990001000320990001000330990001000340INLIS00000000001202720260330095007260330 g 1 ind  a978-623-7284-20-8 a0010-0326000103 a899.221 3 a899.221 3 PUT c aPuthut EA1 aCinta tak pernah tepat waktu /cPuthut EA aCet.13 aYogyakarta :bBuku Mojok,c2025 avi, 256 hlm ;c13 x 20 cm 4aFiksi Indonesia a58183 a58184 a58185 a58186